<?xml version="1.0" encoding="UTF-8"?>
<marc:record xmlns:marc="http://www.loc.gov/MARC21/slim">
   <marc:leader>00000nam a2200000 a 4500</marc:leader>
   <marc:datafield ind1="1" ind2=" " tag="100">
      <marc:subfield code="a">Weiss, Wolfgang</marc:subfield>
      <marc:subfield code="4">aut</marc:subfield>
      <marc:subfield code="e">Verfasser/-in</marc:subfield>
   </marc:datafield>
   <marc:datafield ind1="0" ind2="0" tag="245">
      <marc:subfield code="a">Bröselbär lebt!</marc:subfield>
   </marc:datafield>
   <marc:datafield ind1="0" ind2="0" tag="245">
      <marc:subfield code="b">erstes Abenteuer; Jugendroman</marc:subfield>
   </marc:datafield>
   <marc:datafield ind1="0" ind2="0" tag="245">
      <marc:subfield code="c">Wolfgang Weiss</marc:subfield>
   </marc:datafield>
   <marc:datafield ind1=" " ind2="1" tag="264">
      <marc:subfield code="a">Mödling</marc:subfield>
      <marc:subfield code="b">BröselBär-Verl.</marc:subfield>
      <marc:subfield code="c">2010</marc:subfield>
   </marc:datafield>
   <marc:datafield ind1="1" ind2=" " tag="490">
      <marc:subfield code="a">Bröselbär</marc:subfield>
   </marc:datafield>
   <marc:datafield ind1=" " ind2=" " tag="250">
      <marc:subfield code="a">2. Ausg.</marc:subfield>
   </marc:datafield>
   <marc:datafield ind1="1" ind2=" " tag="520">
      <marc:subfield code="a">Das Leben von Florian Streber ist alles andere als schön. Er haust mit seinem alkoholkranken Vater in einer aufgelassenen Lackfabrik. Für Flo - wie er genannt wird - schlimm genug. Doch da gibt es noch Rüssel, Latte und Rosti, die ihm das Leben schwer machen. Aber er kämpft verbissen - auch um Marli, die Klassenbeste, zu beeindrucken -, denn so leicht lässt sich Flo nicht unterkriegen. Eines Tages werden ein geheimnisvoller Stein und ein Bär, der alles andere als ein Bär ist, seine Beschützer... Mit "Bröselbär lebt!" beginnt eine Romanserie für Jugendliche ab 12 Jahren sowie für jung gebliebene Erwachsene. Der Autor Wolfgang Weiss, 1950 in Hall/Tirol geboren, wächst im SOS-Kinderdorf Altmünster am Traunsee auf. 1968 übersiedelt er nach Mödling bei Wien, beginnt seine Berufslaufbahn als Grafiker, Texter &amp; Songwriter und gründet 1980 das Creativhaus. Nach 35 gestressten Jahren in der Werbebranche wendet er sich Neuem zu - dem Leben als Schriftsteller. Wolfgang Weiss lebt und arbeitet in Mödling, Wien und Berlin.</marc:subfield>
   </marc:datafield>
   <marc:datafield ind1=" " ind2=" " tag="020">
      <marc:subfield code="a">9783902578112</marc:subfield>
      <marc:subfield code="9">9783902578112</marc:subfield>
   </marc:datafield>
   <marc:datafield ind1=" " ind2=" " tag="041">
      <marc:subfield code="a">ger</marc:subfield>
   </marc:datafield>
   <marc:datafield ind1=" " ind2=" " tag="300">
      <marc:subfield code="b">Ill.</marc:subfield>
   </marc:datafield>
   <marc:datafield ind1="0" ind2=" " tag="490">
      <marc:subfield code="v">1. Band</marc:subfield>
   </marc:datafield>
   <marc:datafield ind1="1" ind2=" " tag="521">
      <marc:subfield code="a">12</marc:subfield>
   </marc:datafield>
   <marc:datafield ind1=" " ind2=" " tag="300">
      <marc:subfield code="a">161 S.</marc:subfield>
   </marc:datafield>
</marc:record>
